| 000 | 02048nam a2200409 c 4500 | ||
|---|---|---|---|
| 003 | BLK | ||
| 005 | 20180420235817.0 | ||
| 008 | 180411b bul|||||r ||||||| ||bul|| | ||
| 010 | _aKNG00186577000 | ||
| 020 |
_a978-954-9953-55-8 _bиздат.: Прогр. Достъп до информ. |
||
| 040 | _aBLK | ||
| 041 |
_aBUL _cBUL |
||
| 072 | 7 |
_2bullib _aН35 _xОбществено управление. Военни науки Н |
|
| 080 |
_aОсновни задачи на общественото управление _b351 _x:342.7(497.2)(094.5.072) _z351:342.7(497.2)(094.5.072) |
||
| 080 |
_aАдминистративно-правни услуги _b338.46:351/354 _x(497.2)(035) _z338.46:351/354(497.2)(035) |
||
| 139 |
_aКак да получим достъп до информация _bК 15 |
||
| 245 | 1 | 0 |
_aКак да получим достъп до информация _bНаръчник |
| 250 | _a5. прераб. изд. | ||
| 257 | _aBGR | ||
| 260 |
_аСофия _bПрогр. Достъп до информ. _c2016 _fСофия : Булвест принт |
||
| 300 |
_a124 с. _bс ил. _c21 см |
||
| 380 | _a3 | ||
| 500 | _a1. изд. 2000. - Съдържа и Закон за достъп до обществена информация. | ||
| 650 | 4 |
_aСвобода на информацията - България - законодателни и директивни материали _9284082 |
|
| 650 | 4 |
_aАдминистративно-правни услуги - България _9292126 |
|
| 650 | 4 |
_aБългария - обществено управление _9252379 |
|
| 651 | 4 |
_aБългария _9241624 |
|
| 653 | _aсвобода на информацията | ||
| 653 | _aобществено управление | ||
| 653 | _aадминистративно-правни услуги | ||
| 659 | _aН | ||
| 852 | _aЦб 279585 | ||
| 856 | 4 |
_qpdf _u |
|
| 856 | 4 |
_qpdf _u |
|
| 942 |
_cKNG _n0 |
||
| 944 |
_aCR _c18.02.2016 _lф / _kВиолета_Тройчева |
||
| 944 |
_aED _c15.03.2016 _lф / _kЛюдмила_Стоянова |
||
| 999 |
_c177880 _d177880 |
||